000
00215 a2200109 4500
020
_a
9780805093339
041
_a
spa
100
_a
Angela Dominguez
245
_a
Maria tenia una llamita
942
_c
BK
952
_7
1
999
_c
23092
_d
23092